Northumbrian castles - Statistics

General Stats
  • This quiz has been taken 42 times
  • The average score is 5 of 12
Answer Stats
Hint Answer % Correct
A Alnwick
100%
B Bamburgh
77%
W Warkworth
70%
D Dunstanburgh
67%
C Chillingham
40%
L Lindisfarne
40%
P Prudhoe
30%
E Etal
20%
N Norham
13%
A Aydon
7%
E Edlingham
3%
F Floors
0%
No matching quizzes found
Score Distribution
Percent of People with Each Score
Percentile by Number Answered
Your Score History
You have not taken this quiz